[Event "MNE-ch 76th"]
[Site "Podgorica"]
[Date "2024.02.13"]
[Round "9"]
[White "Ivanovic, Bozidar"]
[Black "Ratkovic, Milorad"]
[Result "1-0"]
[WhiteElo "2403"]
[BlackElo "2063"]
[PlyCount "203"]
[EventDate "2024.02.06"]
[EventType "swiss"]
[EventRounds "11"]
[EventCountry "MNE"]
[SourceTitle "CB08_2024"]
[SourceDate "2024.02.21"]
[SourceVersion "1"]
[SourceVersionDate "2024.02.21"]
[SourceQuality "1"]

1. e4 c5 2. Nf3 d6 3. d4 cxd4 4. Nxd4 Nf6 5. Nc3 a6 6. Be2 e6 7. f4 Qc7 8. Be3 Be7 9. 0-0 h5 10. Kh1 Nc6 11. Bf3 Na5 12. Bg1 Bd7 13. Be2 b5 14. a3 Rb8 15. Qd3 Rc8 16. Rf3 e5 17. fxe5 dxe5 18. Nf5 Bxf5 19. Rxf5 Rd8 20. Qe3 Nc4 21. Bxc4 bxc4 22. Raf1 Rb8 23. Qg3 Rxb2 24. Qxg7 Rg8 25. Qh6 Rg6 26. Qc1 Rb7 27. h3 Qa5 28. Qe3 Rb2 29. Qf3 Qxa3 30. Rxe5 Kf8 31. Rxe7 Qxe7 32. Nd5 Qxe4 33. Bc5+ Kg7 34. Qxe4 Nxe4 35. Bd4+ Kh6 36. Bxb2 Ng3+ 37. Kg1 Nxf1 38. Kxf1 Rd6 39. Ne3 Rc6 40. Bc3 Kg6 41. Ke2 Rc8 42. Bb4 Kf6 43. Kf3 Ke5 44. c3 f5 45. g3 Rc6 46. h4 Rc8 47. Ng2 Rd8 48. Ne3 Rc8 49. Ng2 Rd8 50. Ba5 Rc8 51. Ne3 Rc6 52. Nc2 Rc8 53. Nb4 Kf6 54. Bb6 Kg6 55. Nd5 Rb8 56. Ke3 Kf7 57. Kd4 Rc8 58. Nf4 Rb8 59. Kc5 Rc8+ 60. Kd5 Rb8 61. Kc5 Rc8+ 62. Kb4 Rc6 63. Ka5 Kf6 64. Kxa6 Ke5 65. Kb5 Rc8 66. Nxh5 Ke4 67. Ng7 f4 68. gxf4 Kxf4 69. h5 Kg5 70. Be3+ Kf6 71. Bd4+ Kg5 72. Ne6+ Kxh5 73. Nc5 Kg6 74. Kxc4 Kf7 75. Kb5 Ke7 76. Be5 Rg8 77. Kb6 Rg4 78. Kb5 Kd8 79. c4 Rg1 80. Kc6 Rc1 81. Nb7+ Ke7 82. c5 Rc2 83. Bd6+ Ke8 84. Kc7 Kf7 85. Kd7 Rxc5 86. Nxc5 Kf6 87. Nd3 Kf5 88. Nf2 Kf6 89. Bc7 Kf5 90. Ke7 Kg5 91. Kf7 Kf5 92. Bd6 Kg5 93. Ke6 Kg6 94. Ne4 Kg7 95. Kf5 Kh6 96. Ng3 Kh7 97. Kf6 Kh6 98. Bf4+ Kh7 99. Nh5 Kg8 100. Bh6 Kh8 101. Kf7 Kh7 102. Bf8 1-0

[Event "MNE-ch 76th"]
[Site "Podgorica"]
[Date "2024.02.10"]
[Round "5"]
[White "Ratkovic, Milorad"]
[Black "Popovic, Mateja"]
[Result "1-0"]
[WhiteElo "2063"]
[BlackElo "1880"]
[PlyCount "53"]
[EventDate "2024.02.06"]
[EventType "swiss"]
[EventRounds "11"]
[EventCountry "MNE"]
[SourceTitle "CB08_2024"]
[SourceDate "2024.02.21"]
[SourceVersion "1"]
[SourceVersionDate "2024.02.21"]
[SourceQuality "1"]

1. e4 c5 2. Nf3 e6 3. d4 cxd4 4. Nxd4 Nc6 5. Nc3 Qc7 6. Be3 a6 7. Be2 Nf6 8. 0-0 Be7 9. Kh1 b5 10. a3 Bb7 11. f4 d6 12. Bf3 Nxd4 13. Bxd4 e5 14. Be3 Qc4 15. Be2 Qc6 16. fxe5 dxe5 17. Bd3 b4 18. axb4 Bxb4 19. Bg5 Bxc3 20. Bxf6 Bxb2 21. Rb1 gxf6 22. Rxb2 Rg8 23. Qb1 0-0-0 24. Rb6 Qc7 25. Bxa6 Bxa6 26. Rxa6 Kd7 27. Qa2 1-0

[Event "MNE-ch 76th"]
[Site "Podgorica"]
[Date "2024.02.08"]
[Round "3"]
[White "Ratkovic, Milorad"]
[Black "Doderovic, Aleksa"]
[Result "1-0"]
[WhiteElo "2063"]
[BlackElo "1639"]
[PlyCount "53"]
[EventDate "2024.02.06"]
[EventType "swiss"]
[EventRounds "11"]
[EventCountry "MNE"]
[SourceTitle "CB08_2024"]
[SourceDate "2024.02.21"]
[SourceVersion "1"]
[SourceVersionDate "2024.02.21"]
[SourceQuality "1"]

1. e4 d6 2. d4 Nf6 3. Nc3 g6 4. Be2 Bg7 5. Be3 a6 6. a4 0-0 7. g4 Nc6 8. g5 Nd7 9. Nf3 e5 10. d5 Nd4 11. h4 Nxe2 12. Qxe2 f5 13. gxf6 Nxf6 14. Ng5 h6 15. Ne6 Bxe6 16. dxe6 c6 17. 0-0-0 Qe7 18. Rhg1 Kh7 19. f4 exf4 20. Bxf4 Qxe6 21. Rxd6 Qe7 22. e5 Nh5 23. Rdxg6 Qxh4 24. Bd2 Rf2 25. Qd3 Kh8 26. Bxh6 Rd8 27. Qe3 1-0

[Event "MNT-chT"]
[Site "Podgorica"]
[Date "2020.10.15"]
[Round "9.1"]
[White "Mugosa, Srdjan"]
[Black "Ratkovic, Milorad"]
[Result "0-1"]
[WhiteElo "1995"]
[BlackElo "2086"]
[PlyCount "56"]
[EventDate "2020.10.09"]
[EventType "team-tourn"]
[EventRounds "9"]
[EventCountry "MNE"]
[SourceTitle "CBM 198 Extra"]
[Source "ChessBase"]
[SourceDate "2020.11.30"]
[SourceVersion "1"]
[SourceVersionDate "2020.11.30"]
[SourceQuality "1"]
[WhiteTeam "Cetinje"]
[BlackTeam "Mimoza"]
[WhiteTeamCountry "MNE"]
[BlackTeamCountry "MNE"]

1. c4 c5 2. Nc3 e6 3. Nf3 a6 4. e4 Nc6 5. d4 cxd4 6. Nxd4 Qc7 7. Be2 Nf6 8. 0-0 b6 9. Be3 Bb7 10. b3 h5 11. f3 Ne5 12. h3 Ng6 13. Qd2 h4 14. Rfc1 Nh5 15. Bf1 Bd6 16. Nce2 0-0 17. b4 Rae8 18. Rab1 f5 19. exf5 exf5 20. Kh1 Bh2 21. c5 Qe5 22. cxb6 Bg3 23. Bg1 Bf4 24. Nxf4 Ng3+ 25. Kh2 Nxf4 26. Bc4+ Kh8 27. Bf2 Nfe2 28. Nxe2 Nf1+ 0-1

[Event "MNT Team Cup"]
[Site "Herceg Novi"]
[Date "2020.06.25"]
[Round "1.1"]
[White "Ratkovic, Milorad"]
[Black "Bajkovic, Nikola"]
[Result "1-0"]
[WhiteElo "2084"]
[BlackElo "2123"]
[PlyCount "123"]
[EventDate "2020.06.25"]
[EventType "team-swiss"]
[EventRounds "5"]
[EventCountry "MNE"]
[SourceTitle "EXT 2021"]
[Source "ChessBase"]
[SourceDate "2020.10.23"]
[SourceVersion "1"]
[SourceVersionDate "2020.10.23"]
[SourceQuality "1"]
[WhiteTeam "Mimoza"]
[BlackTeam "Dama"]
[WhiteTeamCountry "MNE"]
[BlackTeamCountry "MNE"]

1. e4 c5 2. Nf3 d6 3. d4 cxd4 4. Nxd4 Nf6 5. Nc3 a6 6. Bd3 e5 7. Nde2 h6 8. h3 Be6 9. Be3 Nbd7 10. Qd2 b5 11. a3 Be7 12. 0-0 0-0 13. f4 Nb6 14. b3 Qc7 15. g4 exf4 16. Nxf4 Rac8 17. Nce2 d5 18. exd5 Bxd5 19. Ng3 Rfe8 20. Qf2 Bc5 21. Bxc5 Qxc5 22. Qxc5 Rxc5 23. Rae1 Rcc8 24. Nf5 Kf8 25. Nxd5 Nbxd5 26. c4 Rxe1 27. Rxe1 Nf4 28. Bf1 bxc4 29. bxc4 Ne6 30. Rb1 g6 31. Nh4 Rc5 32. Rb6 Ra5 33. Nxg6+ Kg7 34. Ne7 Rxa3 35. Rb8 a5 36. Nf5+ Kg6 37. Rh8 h5 38. Rh6+ Kg5 39. h4+ Kxg4 40. Rxf6 Nf4 41. Rxf7 Ra1 42. Kf2 Ra2+ 43. Ke3 Ra3+ 44. Ke4 Ne6 45. Be2+ Kh3 46. Bxh5 Ra1 47. Be2 a4 48. Ke5 Nd8 49. Rd7 Nc6+ 50. Kd6 Nb4 51. Ra7 a3 52. Kc5 Nc2 53. Bd3 Ne1 54. Be4 a2 55. Kc6 Rc1 56. Rxa2 Rxc4+ 57. Kd5 Rc8 58. Ra3+ Kg4 59. Rg3+ Kf4 60. Rg1 Nc2 61. Rf1+ Kg4 62. Bxc2 1-0

[Event "MNT-chT 1st League"]
[Site "Podgorica"]
[Date "2019.07.23"]
[Round "4.6"]
[White "Jeknic, Velimir"]
[Black "Ratkovic, Milorad"]
[Result "1/2-1/2"]
[WhiteElo "1916"]
[BlackElo "2088"]
[PlyCount "39"]
[EventDate "2019.07.20"]
[EventType "team-tourn"]
[EventRounds "9"]
[EventCountry "MNE"]
[SourceTitle "EXT 2020"]
[Source "ChessBase"]
[SourceDate "2019.10.17"]
[SourceVersion "1"]
[SourceVersionDate "2019.10.17"]
[SourceQuality "1"]
[WhiteTeam "Prosvjeta"]
[BlackTeam "Mimoza"]
[WhiteTeamCountry "MNE"]
[BlackTeamCountry "MNE"]

1. e4 c5 2. Nf3 e6 3. d4 cxd4 4. c3 d3 5. Bxd3 Qc7 6. 0-0 Nc6 7. Qe2 Nf6 8. Nd4 a6 9. f4 b5 10. e5 Nd5 11. Be4 Nxd4 12. cxd4 Bb7 13. Nc3 Nxc3 14. bxc3 Be7 15. Bd2 Bxe4 16. Qxe4 Qc6 17. Qxc6 dxc6 18. f5 exf5 19. Rxf5 0-0 20. Re1 1/2-1/2

[Event "MNT-chT1"]
[Site "Bar"]
[Date "2015.10.04"]
[Round "9"]
[White "Pajkovic, Vladimir"]
[Black "Ratkovic, Milorad"]
[Result "1-0"]
[WhiteElo "2421"]
[BlackElo "2134"]
[PlyCount "119"]
[EventDate "2015.09.26"]
[EventType "team-tourn"]
[EventRounds "9"]
[EventCountry "MNE"]
[SourceTitle "EXT 2017"]
[Source "ChessBase"]
[SourceDate "2016.10.25"]
[SourceVersion "1"]
[SourceVersionDate "2016.10.25"]
[SourceQuality "1"]

1. Nf3 d5 2. c4 c6 3. d4 Nf6 4. Qc2 e6 5. g3 Bb4+ 6. Bd2 Bxd2+ 7. Nbxd2 0-0 8. Bg2 Nbd7 9. 0-0 Re8 10. e4 dxe4 11. Nxe4 Nxe4 12. Qxe4 Nf6 13. Qe3 Qc7 14. Ne5 Nd7 15. c5 Nf6 16. Nc4 Rf8 17. Rac1 Bd7 18. Rfe1 Rad8 19. Qa3 Bc8 20. Red1 a6 21. Qe3 Ng4 22. Qg5 f5 23. Nd6 h6 24. Qd2 Rxd6 25. cxd6 Qxd6 26. Qa5 h5 27. Bf3 g5 28. Be2 Qd8 29. Qxd8 Rxd8 30. Bxg4 hxg4 31. a4 Kf7 32. Kg2 Ke7 33. f3 gxf3+ 34. Kxf3 Bd7 35. h4 Kf6 36. hxg5+ Kxg5 37. a5 Be8 38. Ke3 Bh5 39. Rd2 Rd7 40. Rc5 Kf6 41. Rh2 Bg6 42. Rh8 Rg7 43. Rc3 e5 44. Rf8+ Ke7 45. Rb8 exd4+ 46. Kxd4 Kd6 47. Re3 Rd7 48. Kc3 Kc5 49. Rg8 Bf7 50. Rg7 Be6 51. Rxd7 Bxd7 52. Re5+ Kd6 53. Kd4 Be6 54. b4 Bd7 55. Re2 Be6 56. Rh2 Bd5 57. Rh6+ Ke7 58. Ke5 Be4 59. Rh7+ Kd8 60. Kd6 1-0

[Event "MNT-chT1"]
[Site "Bar"]
[Date "2015.09.27"]
[Round "2"]
[White "Ratkovic, Milorad"]
[Black "Podlesnik, Bogdan"]
[Result "0-1"]
[WhiteElo "2134"]
[BlackElo "2358"]
[PlyCount "97"]
[EventDate "2015.09.26"]
[EventType "team-tourn"]
[EventRounds "9"]
[EventCountry "MNE"]
[SourceTitle "EXT 2017"]
[Source "ChessBase"]
[SourceDate "2016.10.25"]
[SourceVersion "1"]
[SourceVersionDate "2016.10.25"]
[SourceQuality "1"]

1. e4 c5 2. Nf3 Nc6 3. d4 cxd4 4. Nxd4 Nf6 5. Nc3 g6 6. Bc4 Bg7 7. Nde2 0-0 8. f3 Na5 9. Bb3 b6 10. Bg5 h6 11. Be3 Bb7 12. Qd2 h5 13. 0-0-0 Nxb3+ 14. axb3 d6 15. Bh6 Rc8 16. Bxg7 Kxg7 17. h4 Qc7 18. Nd4 Rh8 19. Rh3 a6 20. Rg3 Rhg8 21. Rxg6+ Kxg6 22. Nf5 Nxe4 23. Qh6+ Kxf5 24. fxe4+ Bxe4 25. Rf1+ Ke5 26. Qf4+ Ke6 27. Qxe4+ Kd7 28. Rxf7 Ke8 29. Qh7 Rxg2 30. Qxh5 Qc6 31. Rg7+ Kd8 32. Rxg2 Qxg2 33. Qh7 Qf1+ 34. Kd2 Qf4+ 35. Kd1 Rc5 36. Qg8+ Kd7 37. Qa8 Re5 38. Qb7+ Ke8 39. Qh1 Rf5 40. Qc6+ Kf7 41. Ne4 Qf1+ 42. Kd2 Qg2+ 43. Kd3 Rf3+ 44. Kd4 Rf4 45. Qd5+ Kg7 46. Qg5+ Qxg5 47. hxg5 Kg6 48. Ke3 Rh4 49. Nc3 0-1

[Event "MNT-chT1"]
[Site "Cetinje"]
[Date "2013.09.01"]
[Round "3"]
[White "Avedisovic, Sergej"]
[Black "Ratkovic, Milorad"]
[Result "1-0"]
[WhiteElo "1981"]
[BlackElo "2173"]
[PlyCount "83"]
[EventDate "2013.08.30"]
[EventType "team-tourn"]
[EventRounds "9"]
[EventCountry "MNE"]
[SourceTitle "CBM 156 Extra"]
[Source "ChessBase"]
[SourceDate "2013.10.22"]
[SourceVersion "1"]
[SourceVersionDate "2013.10.22"]
[SourceQuality "1"]

1. e4 c5 2. Nf3 e6 3. d4 cxd4 4. Nxd4 a6 5. Be2 Qc7 6. 0-0 Nf6 7. Bf3 Nc6 8. g3 h5 9. Nc3 h4 10. Re1 hxg3 11. hxg3 Nxd4 12. Qxd4 Bc5 13. Nd5 Nxd5 14. Qxg7 Bxf2+ 15. Kxf2 Qxc2+ 16. Re2 Rh2+ 17. Kg1 Rxe2 18. Bxe2 Qxe2 19. Bh6 d6 20. exd5 exd5 21. Qf8+ Kd7 22. Rc1 Qe6 23. Bg5 f6 24. Qg7+ Ke8 25. Kf2 Qf5+ 26. Bf4 Be6 27. Qh8+ Kf7 28. Rc7+ Bd7 29. Qxa8 Qh3 30. Qxb7 Qh2+ 31. Ke1 Qg1+ 32. Kd2 Qf2+ 33. Kd3 Qf3+ 34. Be3 Qf1+ 35. Kd2 Qg2+ 36. Kc3 Kg6 37. Rxd7 Kf5 38. Re7 Kg4 39. Qb4+ Kf5 40. Qf4+ Kg6 41. Qh6+ Kf5 42. Qh5# 1-0

[Event "MNT-chT"]
[Site "Cetinje"]
[Date "2012.08.05"]
[Round "3"]
[White "Mustafic, Ismet"]
[Black "Ratkovic, Milorad"]
[Result "1/2-1/2"]
[WhiteElo "2104"]
[BlackElo "2190"]
[PlyCount "138"]
[EventDate "2012.08.03"]
[EventType "team-tourn"]
[EventRounds "9"]
[EventCountry "MNE"]
[SourceTitle "CBM 149 Extra"]
[Source "ChessBase"]
[SourceDate "2012.08.24"]
[SourceVersion "1"]
[SourceVersionDate "2012.08.24"]
[SourceQuality "1"]

1. d4 e6 2. Nf3 Nf6 3. b3 b6 4. Bb2 Bb7 5. e3 Be7 6. Bd3 c5 7. Nbd2 cxd4 8. exd4 Nc6 9. a3 Qc7 10. Qe2 Nd5 11. g3 Nf6 12. 0-0-0 a5 13. Rhe1 a4 14. b4 Bxb4 15. axb4 a3 16. Ba1 Nxb4 17. Nc4 d6 18. Kd2 b5 19. Ne3 Nxd3 20. cxd3 Rc8 21. Rc1 Qa5+ 22. Bc3 b4 23. Ba1 b3+ 24. Bc3 Rxc3 25. Rxc3 0-0 26. Qd1 Bxf3 27. Qxb3 a2 28. Qa3 Qb6 29. Nc2 Nd5 30. Rc4 Qd8 31. h4 Qf6 32. Qxd6 Qh6+ 33. Ne3 Qf6 34. Ra4 Rd8 35. Qe5 Qe7 36. Nxd5 Bxd5 37. Rc1 Bb3 38. Ra6 Qb4+ 39. Ke3 h6 40. Qc5 Qb7 41. Ra7 Qb8 42. Qc7 Rf8 43. Qxb8 Rxb8 44. Rc5 Bd5 45. Rxd5 exd5 46. Rxa2 g5 47. Ra6 Kg7 48. Rd6 Rb5 49. hxg5 hxg5 50. f4 gxf4+ 51. Kxf4 Kf8 52. g4 Ke7 53. Ke5 Rb3 54. Rxd5 Rxd3 55. Ra5 Re3+ 56. Kf4 Rd3 57. Ke4 Rd1 58. g5 Rg1 59. Rf5 Re1+ 60. Kd5 Ra1 61. Kc6 Ra6+ 62. Kd5 Ra1 63. Re5+ Kd7 64. Rf5 Ke7 65. Ke4 Re1+ 66. Kf4 Rf1+ 67. Ke5 Re1+ 68. Kd5 Ra1 69. Re5+ Kd7 1/2-1/2

[Event "Vojvodina-ch 2nd"]
[Site "Novi Sad"]
[Date "2011.07.29"]
[Round "8"]
[White "Ratkovic, Milorad"]
[Black "Jovic, Stevan"]
[Result "0-1"]
[WhiteElo "2208"]
[BlackElo "2273"]
[PlyCount "116"]
[EventDate "2011.07.24"]
[EventType "swiss"]
[EventRounds "9"]
[EventCountry "SRB"]
[SourceTitle "CBM 143 Extra"]
[Source "ChessBase"]
[SourceDate "2011.08.29"]
[SourceVersion "1"]
[SourceVersionDate "2011.08.29"]
[SourceQuality "1"]

1. e4 c6 2. d4 d5 3. e5 Bf5 4. h4 Na6 5. Bd3 Bxd3 6. Qxd3 e6 7. c3 Qb6 8. Ne2 c5 9. a3 Ne7 10. b4 cxd4 11. cxd4 Rc8 12. Nbc3 Nf5 13. Nxd5 Qc6 14. Ndf4 Bxb4+ 15. Kf1 Bc3 16. Rb1 0-0 17. Rh3 Bxd4 18. g4 Bxe5 19. gxf5 Rfd8 20. Qb3 exf5 21. Be3 b6 22. Nd3 Bc7 23. Bg5 Re8 24. Qb5 Qe4 25. Re1 Qg4 26. Rh1 Nc5 27. Nxc5 bxc5 28. Qd3 Ba5 29. f3 c4 30. Qd5 Qh5 31. Rc1 Rc5 32. Nf4 Rxd5 33. Nxh5 Rd3 34. Rxc4 h6 35. Rh3 hxg5 36. hxg5 Rd1+ 37. Kg2 Re2+ 38. Kg3 Be1+ 39. Kf4 Bd2+ 40. Kxf5 g6+ 41. Kg4 gxh5+ 42. Rxh5 Rc1 43. Rd4 Rg2+ 44. Kf5 Rc5+ 45. Ke4 Rgxg5 46. Rd8+ Kg7 47. Rh2 Rge5+ 48. Kd4 Be3+ 49. Kd3 Ra5 50. Re2 Rxa3+ 51. Kc4 Rc5+ 52. Kb4 Rcc3 53. Rd7 a6 54. Rd5 Rab3+ 55. Ka4 Rb1 56. Ra2 Bc5 57. f4 Rb5 58. Rxc5 Rcxc5 0-1

[Event "Vojvodina-ch 2nd"]
[Site "Novi Sad"]
[Date "2011.07.26"]
[Round "4"]
[White "Ratkovic, Milorad"]
[Black "Pantelic, Sasa"]
[Result "0-1"]
[WhiteElo "2208"]
[BlackElo "2364"]
[PlyCount "83"]
[EventDate "2011.07.24"]
[EventType "swiss"]
[EventRounds "9"]
[EventCountry "SRB"]
[SourceTitle "CBM 143 Extra"]
[Source "ChessBase"]
[SourceDate "2011.08.29"]
[SourceVersion "1"]
[SourceVersionDate "2011.08.29"]
[SourceQuality "1"]

1. e4 c5 2. Nf3 d6 3. d4 cxd4 4. Nxd4 Nf6 5. Nc3 g6 6. Be2 Bg7 7. 0-0 0-0 8. Be3 Nc6 9. Nxc6 bxc6 10. f4 Qa5 11. Bf3 Rb8 12. Rb1 Be6 13. Qd2 Rfd8 14. f5 Bc4 15. Be2 Nxe4 16. Nxe4 Qxd2 17. Nxd2 Bxe2 18. Rfe1 Bg4 19. fxg6 hxg6 20. Bxa7 Rb7 21. Bf2 Bf5 22. Nc4 Ra8 23. a3 Be6 24. Nb6 Ra6 25. c4 Rbxb6 26. Bxb6 Rxb6 27. b4 Bxc4 28. Rxe7 Ra6 29. Rc7 Bd5 30. b5 cxb5 31. Rxb5 Bd4+ 32. Kf1 Bc5 33. Rcxc5 dxc5 34. Rxc5 Bb3 35. Kf2 Rxa3 36. h4 Ra2+ 37. Kf3 Kg7 38. g3 Rc2 39. Ra5 Rc3+ 40. Kf4 Bd1 41. Rd5 Rf3+ 42. Ke4 0-1

[Event "YUG Cup"]
[Site "Ulcinj"]
[Date "1997.??.??"]
[Round "?"]
[White "Djukanovic, Sreten"]
[Black "Ratkovic, Milorad"]
[Result "1-0"]
[WhiteElo "2265"]
[BlackElo "2185"]
[PlyCount "69"]
[EventDate "1997.??.??"]
[EventType "team"]
[EventRounds "7"]
[EventCountry "YUG"]
[SourceTitle "EXT 1999"]
[Source "ChessBase"]
[SourceDate "1998.11.16"]
[SourceVersion "1"]
[SourceVersionDate "1998.11.16"]
[SourceQuality "1"]

1. d4 c5 2. d5 g6 3. c4 d6 4. Nc3 Bg7 5. e4 Nf6 6. h3 0-0 7. Nf3 Na6 8. Bd3 Nc7 9. 0-0 e5 10. a3 Nh5 11. Re1 Nf4 12. Bf1 h6 13. b4 b6 14. Rb1 g5 15. bxc5 bxc5 16. Nh2 Ne8 17. g3 Bxh3 18. gxf4 exf4 19. Bxh3 Bxc3 20. Bb2 Bxb2 21. Rxb2 Qf6 22. e5 dxe5 23. Ng4 Qg7 24. Nxe5 Nd6 25. Bd7 Rad8 26. Qc2 Kh8 27. Rb3 f5 28. Be6 g4 29. Qd2 Qg5 30. Qxf4 Qxf4 31. Ng6+ Kg7 32. Nxf4 Nxc4 33. Rb7+ Kf6 34. Nh5+ Kg5 35. Rg7+ 1-0

[Event "YUG Cup"]
[Site "Ulcinj"]
[Date "1997.??.??"]
[Round "?"]
[White "Todorovic, Goran N"]
[Black "Ratkovic, Milorad"]
[Result "0-1"]
[WhiteElo "2410"]
[BlackElo "2185"]
[PlyCount "70"]
[EventDate "1997.??.??"]
[EventType "team"]
[EventRounds "7"]
[EventCountry "YUG"]
[SourceTitle "EXT 1999"]
[Source "ChessBase"]
[SourceDate "1998.11.16"]
[SourceVersion "1"]
[SourceVersionDate "1998.11.16"]
[SourceQuality "1"]

1. Nf3 g6 2. c4 Bg7 3. Nc3 c5 4. g3 b6 5. Bg2 Bb7 6. 0-0 Nc6 7. e3 Nf6 8. d4 0-0 9. b3 cxd4 10. Nxd4 Rb8 11. Nc2 h5 12. Bb2 h4 13. g4 Ne5 14. g5 Bxg2 15. Kxg2 h3+ 16. Kxh3 Nh5 17. f4 Nc6 18. Kg2 e5 19. h4 exf4 20. exf4 Qc8 21. Ne3 Re8 22. Ned5 Nd4 23. Re1 d6 24. Rxe8+ Qxe8 25. Qg4 Nc2 26. Rf1 Ne1+ 27. Kh3 Nd3 28. Ba1 b5 29. cxb5 Rxb5 30. Qf3 Bxc3 31. Qxd3 Bxa1 32. f5 Qe5 33. Ne7+ Qxe7 34. fxg6 Qe6+ 35. Kg2 Qg4+ 0-1

[Event "YUG-ch sf"]
[Site "Niska Banja"]
[Date "1996.??.??"]
[Round "1"]
[White "Arsovic, Goran"]
[Black "Ratkovic, Milorad"]
[Result "1/2-1/2"]
[WhiteElo "2350"]
[BlackElo "2160"]
[PlyCount "90"]
[EventDate "1996.??.??"]
[EventType "swiss"]
[EventRounds "11"]
[EventCountry "YUG"]
[SourceTitle "EXT 2002"]
[Source "ChessBase"]
[SourceDate "2001.11.25"]
[SourceVersion "1"]
[SourceVersionDate "2001.11.25"]
[SourceQuality "1"]

1. Nf3 Nf6 2. c4 g6 3. Nc3 Bg7 4. g3 0-0 5. Bg2 d6 6. d4 c5 7. dxc5 Qa5 8. cxd6 Ne4 9. dxe7 Re8 10. 0-0 Nxc3 11. bxc3 Nc6 12. Be3 Qxc3 13. Rc1 Qa3 14. Nd4 Nxd4 15. Bxd4 Qxe7 16. Bxg7 Kxg7 17. Qd4+ Qe5 18. e3 f6 19. Rfd1 Qxd4 20. exd4 Re2 21. Re1 Rxa2 22. Re7+ Kh6 23. Rf7 a5 24. Rxf6 a4 25. Rb6 a3 26. c5 Rb2 27. Bd5 Ra4 28. Ra1 Rxd4 29. Bf3 Bh3 30. Rxa3 Rxb6 31. cxb6 Rb4 32. Ra1 Rxb6 33. Bg2 Bxg2 34. Kxg2 Kg7 35. Kf3 Rb2 36. h4 Kf6 37. Ra5 Rb3+ 38. Kf4 Rb4+ 39. Ke3 Rb3+ 40. Kf4 h6 41. Rd5 Rb4+ 42. Ke3 Ke6 43. Rd8 Kf5 44. Rd5+ Ke6 45. Rd8 h5 1/2-1/2

[Event "YUG-ch sf"]
[Site "Niska Banja"]
[Date "1996.??.??"]
[Round "5"]
[White "Bokan, Danko"]
[Black "Ratkovic, Milorad"]
[Result "1-0"]
[WhiteElo "2270"]
[BlackElo "2160"]
[PlyCount "131"]
[EventDate "1996.??.??"]
[EventType "swiss"]
[EventRounds "11"]
[EventCountry "YUG"]
[SourceTitle "EXT 2002"]
[Source "ChessBase"]
[SourceDate "2001.11.25"]
[SourceVersion "1"]
[SourceVersionDate "2001.11.25"]
[SourceQuality "1"]

1. e4 c5 2. Nf3 d6 3. d4 cxd4 4. Nxd4 Nf6 5. Nc3 Nc6 6. Bc4 Qb6 7. Nb3 e6 8. Be3 Qc7 9. Bd3 a6 10. f4 Be7 11. 0-0 b5 12. a3 Bb7 13. Qe2 0-0 14. g4 d5 15. exd5 Nxd5 16. Nxd5 exd5 17. Nd4 Bf6 18. Qf2 Rfe8 19. g5 Bxd4 20. Bxd4 Nxd4 21. Qxd4 Re7 22. Rf3 Rae8 23. Kf2 Re4 24. Bxe4 dxe4 25. Re1 Rc8 26. Rg3 Rd8 27. Qe3 Qxc2+ 28. Re2 Qc6 29. Rd2 Re8 30. Rg1 Qg6 31. Rgd1 h6 32. Rd8 Rxd8 33. Rxd8+ Kh7 34. Rd2 h5 35. Kg2 Qc6 36. Rf2 Qd5 37. h3 g6 38. Rd2 Qc6 39. Qc3 Qb6 40. Qd4 Qc7 41. Qe3 Qc1 42. Kh2 Qc7 43. Rf2 a5 44. Kg1 b4 45. f5 Bd5 46. fxg6+ fxg6 47. axb4 axb4 48. Rf1 b3 49. Ra1 Qe5 50. Ra7+ Kh8 51. Rd7 Kg8 52. Rd8+ Kg7 53. Qa7+ Bf7 54. Qd4 Qxd4+ 55. Rxd4 Be6 56. h4 Kf7 57. Kf2 Bf5 58. Ke3 Bg4 59. Rd6 Bf3 60. Rf6+ Kg7 61. Rb6 Bd1 62. Kxe4 Bc2+ 63. Ke5 Kf7 64. Rb7+ Kg8 65. Kf6 Kh8 66. Rg7 1-0